000
00293nam a2200109Ia 4500
008
230907s9999||||xx |||||||||||||| ||und||
082
_a
616.98
_b
LAD
245
0
_a
Current occupational and environmental medicine /
260
_a
McGraw-Hill,
_b
New York :
_c
2014
300
_a
911 p.
942
_c
BK
999
_c
600935
_d
600935